Παραδόσεις οικογενειακού δικαίου

Αποθηκεύτηκε σε:
Λεπτομέρειες βιβλιογραφικής εγγραφής
Κύριος συγγραφέας: Κουμάντος, Γιώργος Α.
Μορφή: Βιβλίο
Γλώσσα:Greek
Δημοσίευση: Αθήνα : Σάκκουλα, Αφοί, 1984
Έκδοση:3η έκδ.
Θέματα:
Ετικέτες: Προσθήκη ετικέτας
Δεν υπάρχουν, Καταχωρήστε ετικέτα πρώτοι!

MARC

LEADER 00000cam a2200000 i 4500
001 1/35529
008 061016s1984 gre d
035 |l 10085569 
040 |a GR-MY-UA  |b gre  |e aacr 
041 0 |a gre 
082 0 |a 346.015  |2 (22) 
100 1 |a Κουμάντος, Γιώργος Α. 
245 1 0 |a Παραδόσεις οικογενειακού δικαίου /  |c Γιώργου Α. Κουμάντου 
250 |a 3η έκδ. 
260 |a Αθήνα :   |b Σάκκουλα, Αφοί,   |c 1984 
300 |a 2τ. (307;482 σ.);  |c 24 εκ. 
650 0 0 |a Domestic relations  |z Greece. 
650 0 0 |a Marriage law. 
852 |a INST  |b CHIOS  |e 20061016  |h 346.015 KOY  |p 005200027018  |q 005200027018  |t BK  |y 0  |z τ.2 
852 |a INST  |b CHIOS  |e 20061016  |h 346.015 KOY  |p 005200027019  |q 005200027019  |t BK  |y 0  |z τ.1 
852 |a INST  |b CHIOS  |e 20061016  |h 346.015 KOY  |p 005200027018  |q 005200027018  |t BK  |v τ.2:  |y 0  |z τ.2 
852 |a INST  |b CHIOS  |e 20061016  |h 346.015 KOY  |p 005200027019  |q 005200027019  |t BK  |v τ.1:  |y 0  |z τ.1 
853 |a INST  |b CHIOS  |h 346.015 KOY 
901 |a BIBL2-2006-3 
909 |a Χ  |b 120332 
909 |a Χ  |b 120333 
970 |a ΒΑΣΙΛΑΚΗ  |b ΝΙΚΗ  |z 2006/10/16